000 00691cam a2200241 4500500
005 20260405002846.0
041 _afre
042 _adc
100 1 0 _aSorente, Isabelle
_eauthor
245 0 0 _aQu’est-ce qu’une saine colère ?
260 _c2019.
500 _a51
690 _aColère
690 _aGilets jaunes
690 _aNietzsche
690 _aPankaj Mishra
690 _aRousseau
690 _aVincent Delecroix
690 _aVoltaire
690 _aYves Michaud
786 0 _nPhilosophie magazine | 126 | 2 | 2019-02-01 | p. 12-12 | 1951-1787
856 4 1 _uhttps://shs.cairn.info/magazine-philosophie-magazine-2019-2-page-12?lang=fr&redirect-ssocas=7080
999 _c2061809
_d2061809